LEADER 01144nam a2200265 i 4500 001 000000244165 003 CaOOAMICUS 005 20251224102245.0 008 150730s1898 fr u000 u fre u 013 $a223070 040 $aSeMil$bita 100 0 $aThomas : a Kempis,$d.$0(OLS)http://semarc/name/11742 240 00$aDe imitatione Christi libri quatuor.$0(OLS)http://semarc/title/352909 245 10$aVariantes du livre De Imitatione Christi /$cpar Mgr P. E. Puyol. 260 $aParis :$bVictor Retaux,$c1898. 300 $aVII, 442 p. ;$c21 cm. 650 4$aDe imitatione Christi - Analisi narrativa e linguistica.$0(OLS)http://semarc/subject/5188 700 1 $aPuyol, Pierre Édouard,$d<1835-1904>.$0(OLS)http://semarc/name/14941 850 $aSeMil 852 $aSeMil$W1$xVenegono$y1$m3F III 307 FA$j194511$B194511$CSeMilBibl$Z2$F205098 $8I 900 1 $aThomas : von Kempen. 996 $6245$aVariantes du livre De Imitatione Christi$9(OLS)http://semarc/title/346126 996 $6260$aParis :$bVictor Retaux$9(OLS)http://semarc/publisher/39278 LEADER 00820nam a2200205 i 4500 001 000000104440 003 CaOOAMICUS 005 20011122000000.0 008 011122s1893 be u000 u lat u 013 $a76629 040 $aSeMil$bita 245 10$aTomus 3 /$cNationale Bibliothèque. 300 $a739 p. 490 0 $aSubsidia hagiographica ;$v2./3 700 1 $aBibliothèque Nationale .$0(OLS)http://semarc/name/836 773 0 $aBibliothèque Nationale $tCatalogus codicum hagiographicorum Latinorum.$dBruxelles : Société des Bollandistes, 1889-1893.$w()968 830 0$aSubsidia hagiographica ;$v2./3.$0(OLS)http://semarc/title/570 850 $aSeMil 852 $aSeMil$W1$xVenegono$y1$mSL1.S II 2/3$j60828$B60828$CSeMilBibl$Z2$F45241 $8I 996 $6245$aTomus 3$9(OLS)http://semarc/title/151425